[Event "38th Olympiad"]
[Site "Dresden GER"]
[Date "2008.11.22"]
[Round "9"]
[White "Arutinian,D"]
[Black "Lukey,S"]
[Result "1-0"]
[WhiteElo "2584"]
[BlackElo "2271"]

1.d4 Nf6 2.c4 g6 3.Nc3 Bg7 4.e4 d6 5.Nf3 O-O 6.Be2 e5 7.O-O Nc6 8.Be3 Re8
9.dxe5 dxe5 10.h3 Be6 11.c5 Qxd1 12.Rfxd1 Rad8 13.Bb5 Rxd1+ 14.Rxd1 Rd8 15.Bxc6 Rxd1+
16.Nxd1 bxc6 17.Nc3 Nd7 18.b3 h6 19.Ne1 f5 20.f3 Kf7 21.Nd3 f4 22.Bd2 Bf6
23.Na4 g5 24.Ba5 Bd8 25.Bc3 Bf6 26.Nb4 Nb8 27.Nd3 Nd7 28.Kf1 h5 29.Nab2 Ke7
30.Nb4 Nb8 31.N2d3 a5 32.Nc2 a4 33.bxa4 Bxa2 34.Bxe5 Bxe5 35.Nxe5 Bb3 36.Nd4 Bxa4
37.h4 Kf6 38.Nd3 gxh4 39.Kf2 Nd7 40.Ne2 Bb5 41.Nexf4 Bxd3 42.Nxd3 Kg5 43.f4+ Kf6
44.Ke3 Nf8 45.Nb4 Ne6 46.f5 Nxc5 47.Kf4 Kf7 48.e5 Nb3 49.Nxc6 Nc1 50.Kg5 Nd3
51.e6+ Kf8 52.f6 Nc5 53.Kf5 Nb7 54.Kg6 Nd6 55.Ne5  1-0

[Event "38th Olympiad w"]
[Site "Dresden GER"]
[Date "2008.11.22"]
[Round "9"]
[White "Mir Mahmoud,A"]
[Black "Oliver,S"]
[Result "0-1"]
[WhiteElo "2024"]
[BlackElo "1942"]

1.d4 Nf6 2.Nf3 g6 3.c4 Bg7 4.Nc3 d6 5.e4 O-O 6.Be2 e5 7.O-O Nc6 8.d5 Ne7
9.b4 a5 10.Ba3 c6 11.dxc6 bxc6 12.b5 c5 13.Rb1 Bb7 14.Qd3 Ne8 15.Rfd1 Qc7
16.Nd2 f5 17.f3 f4 18.Nf1 g5 19.Rd2 h5 20.Bd1 Rf6 21.b6 Qc8 22.Ba4 Rb8 23.Bxe8 Qxe8
24.Nb5 Nc8 25.Qc3 Qf7 26.Rc1 Bf8 27.Qxa5 Ra8 28.Na7 Nxa7 29.bxa7 Bc8 30.Qb6 Rxa7
31.Rd3 Qc7 32.Qxc7 Rxc7 33.Nd2 Rb7 34.Nb1 g4 35.Nc3 Rh6 36.Nb5 h4 37.fxg4 Bxg4
38.Bb2 Rg7 39.Kf2 Be7 40.h3 Bh5 41.a4 Rhg6 42.Rg1 f3 43.Rxf3 Bxf3 44.Kxf3 Rg3+
45.Kf2 Bg5 46.Ke1 Be3 47.Rf1 Rxg2 48.Bc3 Rc2 49.a5 Rgg2  0-1

[Event "38th Olympiad"]
[Site "Dresden GER"]
[Date "2008.11.22"]
[Round "9"]
[White "Barileng,G"]
[Black "Annurudha,G"]
[Result "1-0"]
[WhiteElo "2107"]
[BlackElo "2212"]

1.Nf3 Nf6 2.c4 g6 3.Nc3 Bg7 4.e4 d6 5.d4 O-O 6.Be2 e5 7.O-O Nc6 8.d5 Ne7
9.b4 Ne8 10.c5 f5 11.a4 Nf6 12.Nd2 Rf7 13.a5 Bh6 14.b5 Bxd2 15.Qxd2 Nxe4
16.Nxe4 fxe4 17.Bb2 Nf5 18.b6 Qf6 19.bxc7 Rxc7 20.cxd6 Nxd6 21.Rac1 Re7 22.f4 exf3
23.Rxf3 Qh4 24.g3 Qa4 25.Ba3 Qd7 26.Qb4 e4 27.Rff1 Nf5 28.Rxf5  1-0

[Event "38th Olympiad"]
[Site "Dresden GER"]
[Date "2008.11.22"]
[Round "9"]
[White "Rajapakse,R"]
[Black "Pitlagano,T"]
[Result "1-0"]
[WhiteElo "1646"]
[BlackElo "2155"]

1.d4 Nf6 2.c4 g6 3.Nc3 Bg7 4.e4 d6 5.Nf3 O-O 6.Be2 e5 7.O-O Nc6 8.d5 Ne7
9.b4 Nh5 10.Re1 f5 11.Ng5 Nf6 12.Bf3 c6 13.Bb2 h6 14.Ne6 Bxe6 15.dxe6 fxe4
16.Nxe4 Nxe4 17.Rxe4 d5 18.cxd5 cxd5 19.Rxe5 Bxe5 20.Bxe5 Qb6 21.Bb2 Kh7
22.Qe2 Qxb4 23.Qe5 Rg8 24.a3 Qb6 25.Rc1 Nc6 26.Qf6 Raf8 27.Rxc6 Rxf6 28.Rxb6 Rc8
29.Rxb7+ Kg8 30.Bxd5 Kf8 31.g3  1-0

[Event "TCh-BEL 2008-9"]
[Site "Belgium BEL"]
[Date "2008.11.23"]
[Round "4"]
[White "Brunner,N"]
[Black "Hendriks,W"]
[Result "1/2-1/2"]
[WhiteElo "2415"]
[BlackElo "2447"]

1.d4 Nf6 2.c4 g6 3.Nc3 Bg7 4.e4 d6 5.Nf3 O-O 6.Be2 Nc6 7.O-O e5 8.Be3 Ng4
9.Bg5 Qe8 10.dxe5 dxe5 11.h3 h6 12.Bc1 Nf6 13.Be3 Qe7 14.Nd5 Qd8 15.Nxf6+ Qxf6
16.c5 Nb8 17.Qc1 Kh7 18.Rd1 Nc6 19.Qc3 Be6 20.b4 Rfd8 21.Rxd8 Rxd8 22.Bc1 Nd4  1/2-1/2

[Event "21st Belgrade Trophy"]
[Site "Obrenovac SRB"]
[Date "2008.11.28"]
[Round "2"]
[White "Stefanovic,M"]
[Black "Gluscevic,Mi"]
[Result "1-0"]
[WhiteElo "1987"]
[BlackElo "1570"]

1.d4 d6 2.c4 Nf6 3.Nc3 g6 4.e4 Bg7 5.Nf3 O-O 6.Be2 Nc6 7.O-O e5 8.d5 Ne7
9.b4 c6 10.a4 cxd5 11.cxd5 Bg4 12.h3 Bxf3 13.Bxf3 h6 14.Be3 Nc8 15.Qd2 Kh7
16.Rfc1 Nb6 17.Nb5 Ne8 18.a5 Nd7 19.Nxa7 Nc7 20.b5 Rxa7 21.Bxa7 Nxb5 22.Be3 Nd4
23.Bxd4 exd4 24.a6 bxa6 25.Rxa6 Nc5 26.Ra3 h5 27.Re1 Nd7 28.Be2 Bh6 29.Qxd4 Ne5
30.Qd1 Qh4 31.Bf1 f5 32.g3 Qf6 33.f4 Nf7 34.h4 Bg7 35.exf5 Qxf5 36.Qd3 Bd4+
37.Qxd4  1-0

[Event "21st Belgrade Trophy"]
[Site "Obrenovac SRB"]
[Date "2008.11.28"]
[Round "2"]
[White "Pogorelov,R"]
[Black "Petrovic,Mari"]
[Result "1-0"]
[WhiteElo "2441"]
[BlackElo "2191"]

1.Nf3 Nf6 2.c4 g6 3.Nc3 Bg7 4.e4 d6 5.d4 O-O 6.Be2 e5 7.O-O Nc6 8.d5 Ne7
9.Ne1 Nd7 10.Be3 f5 11.f3 Kh8 12.b4 Ng8 13.c5 Bh6 14.Bf2 fxe4 15.Nxe4 Ndf6
16.cxd6 cxd6 17.Nc2 Bf5 18.Nxf6 Nxf6 19.Ne3 Bd7 20.a4 Nh5 21.g3 Bh3 22.Re1 Rc8
23.Nc4 a6 24.b5 axb5 25.axb5 Nf6 26.Ra7  1-0

[Event "21st Belgrade Trophy"]
[Site "Obrenovac SRB"]
[Date "2008.11.29"]
[Round "3"]
[White "Antic,De"]
[Black "Jovicic,R"]
[Result "1/2-1/2"]
[WhiteElo "2489"]
[BlackElo "2220"]

1.d4 Nf6 2.c4 g6 3.Nc3 Bg7 4.e4 O-O 5.Nf3 d6 6.Be2 e5 7.O-O Nc6 8.d5 Ne7
9.b4 Nh5 10.Re1 a5 11.bxa5 Rxa5 12.a4 h6 13.Nd2 Nf4 14.Bf1 c5 15.Ra3 g5 16.Nb5 f5
17.g3 Nfg6 18.Be2 Ra6 19.Bb2 f4 20.Bg4 Rf6 21.h3 Nf8 22.Kg2 Neg6 23.Bxc8 Qxc8
24.Qg4 Qd8 25.Rb1 Nh7 26.Bc1 Rf7 27.Nc3 Nf6 28.Qf5 Nf8 29.Rab3 b6 30.Rb5 Nxd5
31.Qxf7+ Kxf7 32.cxd5 Nd7 33.Nc4 Bf8 34.Bd2 Be7 35.g4 h5 36.f3 Kg6 37.Be1 hxg4
38.hxg4 Qc7 39.a5 Bd8  1/2-1/2

[Event "UTD Invitational GM"]
[Site "Richardson USA"]
[Date "2008.11.29"]
[Round "8"]
[White "Bartholomew,J"]
[Black "Bercys,S"]
[Result "1/2-1/2"]
[WhiteElo "2453"]
[BlackElo "2428"]

1.Nf3 Nf6 2.c4 g6 3.Nc3 Bg7 4.e4 d6 5.d4 O-O 6.Be2 e5 7.O-O Nc6 8.d5 Ne7
9.b4 Nh5 10.a4 f5 11.Ng5 Nf4 12.Bxf4 exf4 13.Rc1 Kh8 14.Ne6 Bxe6 15.dxe6 Rf6
16.Bf3 c6 17.exf5 Nxf5 18.b5 Rxe6 19.bxc6 bxc6 20.Bxc6 Rb8 21.Bd5 Re7 22.Ne4 Qd7
23.Ng5 Nd4 24.Rb1 Rf8 25.Rb7 Qe8 26.Rxe7 Qxe7 27.Nf3  1/2-1/2

[Event "British Rapid"]
[Site "Halifax ENG"]
[Date "2008.11.30"]
[Round "7"]
[White "Gordon,S"]
[Black "Hawkins,Jo"]
[Result "0-1"]
[WhiteElo "2521"]
[BlackElo "2325"]

1.d4 Nf6 2.c4 g6 3.Nc3 Bg7 4.e4 d6 5.Nf3 O-O 6.Be2 e5 7.O-O Nc6 8.d5 Ne7
9.b4 Nh5 10.Re1 f5 11.Ng5 Nf4 12.Bxf4 exf4 13.Rc1 Be5 14.Bf3 fxe4 15.Bxe4 h6
16.Ne6 Bxe6 17.dxe6 c6 18.b5 Qc8 19.bxc6 bxc6 20.c5 Qxe6 21.cxd6 Qxd6 22.Qb3+ Kh8
23.Na4 Bd4 24.Red1 Qe5 25.Bb1 f3 26.gxf3 Qg5+ 27.Kh1 Be5 28.Rc5 Qf4  0-1

[Event "It"]
[Site "Sisak CRO"]
[Date "2008.11.30"]
[Round "2"]
[White "Kostanjsek,Z"]
[Black "Vuga,J"]
[Result "1-0"]
[WhiteElo "2210"]
[BlackElo "2246"]

1.c4 Nf6 2.d4 g6 3.Nc3 Bg7 4.e4 d6 5.Be2 O-O 6.Nf3 e5 7.O-O Nc6 8.d5 Ne7
9.b4 Nh5 10.Re1 h6 11.Nd2 Nf4 12.Bf1 g5 13.c5 f5 14.g3 Nfg6 15.Nc4 fxe4 16.cxd6 cxd6
17.Nxe4 Nf5 18.b5 Nd4 19.Re3 Ne7 20.Bg2 Nxd5 21.Rd3 Nb4 22.Ncxd6 Nxd3 23.Qxd3 Bf5
24.Ba3 Qd7 25.Nxf5 Rxf5 26.Bh3 Nf3+ 27.Qxf3 Rxf3 28.Bxd7 Rxa3 29.Rc1 Ra4
30.f3 Rf8 31.Rc3 Kh8 32.Be6 Rb4 33.g4 Rb2 34.Ra3 Rd8 35.Bc4 Rd1+ 36.Bf1 Rbb1
37.Ng3 e4 38.fxe4 Be5 39.Rf3 Bxg3 40.hxg3 Rxb5 41.Kf2 Rc5 42.Bd3 Rd2+ 43.Ke3 Rxa2
44.Kd4 Rc7 45.e5 Rd7+ 46.Ke4 Ra3 47.e6 Re7 48.Ke5 Rc3 49.Kf6 Rcc7 50.Bf5 Re8
51.Bg6 Rf8+ 52.Bf7 Kh7 53.Rf1 a5 54.e7 Rxe7 55.Kxe7 Kg7 56.Rf6 Rc8 57.Rg6+ Kh7
58.Rb6 Rc7+ 59.Kf8 Rc8+ 60.Be8 Rc7 61.Bg6+ Kh8 62.Bf5 Rc6 63.Rxb7 Rf6+ 64.Rf7 Rxf7+
65.Kxf7 a4 66.Kg6  1-0

[Event "TCh-SLO"]
[Site "Murska Sobota SLO"]
[Date "2008.12.10"]
[Round "5"]
[White "Jelen,Ig"]
[Black "Volf,Z"]
[Result "1/2-1/2"]
[WhiteElo "2384"]
[BlackElo "2180"]

1.d4 Nf6 2.c4 g6 3.Nc3 Bg7 4.e4 d6 5.Nf3 O-O 6.Be2 e5 7.O-O Nc6 8.d5 Ne7
9.b4 a5 10.Ba3 Nh5 11.Re1 f5 12.bxa5 Nf6 13.Nd2 Rxa5 14.Bb4 Ra8 15.c5 Kh8
16.cxd6 cxd6 17.Nc4 Ra6 18.f3 g5 19.Kh1 g4 20.Ne3 Ra8 21.exf5 gxf3 22.Bxf3 Nxf5
23.Ne4 Nxe4 24.Bxe4 Qb6 25.Nxf5 Bxf5 26.a3 Bxe4 27.Rxe4 Rf2 28.Qd3 Raf8 29.Rg1 R8f4
30.Rxf4 Rxf4 31.Qh3 Qd8 32.Qe6 Rf6 33.Qg4 Rf4 34.Qe6 Rf6 35.Qg4 Rf4 36.Qh3 Qb6
37.Qe6 Qd8 38.Qg4 Rf6 39.Qe6 Rf4 40.Qg4 Rf6  1/2-1/2

[Event "III Open"]
[Site "Palma de Mallorca ESP"]
[Date "2008.12.10"]
[Round "5"]
[White "Planas Gene,J"]
[Black "Alemany Jara,A"]
[Result "1-0"]
[WhiteElo "2184"]
[BlackElo "1717"]

1.d4 Nf6 2.c4 g6 3.Nc3 Bg7 4.e4 d6 5.Nf3 O-O 6.Be2 e5 7.O-O Nc6 8.d5 Ne7
9.b4 Nd7 10.Be3 b6 11.Qb3 Kh8 12.Nd2 f5 13.f3 f4 14.Bf2 g5 15.c5 Nf6 16.Rac1 Ng6
17.cxd6 cxd6 18.Nb5 Rf7 19.Rc6 Ne8 20.Rfc1 Bd7 21.R6c2 Bxb5 22.Bxb5 Nf6 23.Ba6 Ne7
24.Qa4 g4 25.Bb7 Rb8 26.Qxa7 Nexd5 27.Qxb8 Qxb8 28.Rc8+ Rf8 29.Rxb8 Rxb8
30.Bxd5 Nxd5 31.exd5 gxf3 32.gxf3 h6 33.Ne4 Ra8 34.Rc2 Rb8 35.Nxd6 Bf8 36.Nf7+ Kg8
37.Nxe5 Bxb4 38.Nc6  1-0

[Event "TCh-ISR 2008-9"]
[Site "Israel ISR"]
[Date "2008.12.12"]
[Round "1"]
[White "Porat,S"]
[Black "Caspi,I"]
[Result "1/2-1/2"]
[WhiteElo "2459"]
[BlackElo "2408"]

1.d4 Nf6 2.c4 g6 3.Nc3 Bg7 4.e4 d6 5.Nf3 O-O 6.Be2 e5 7.O-O Nc6 8.d5 Ne7
9.Ne1 Nd7 10.Be3 f5 11.f3 f4 12.Bf2 g5 13.Nb5 b6 14.b4 a6 15.Na3 a5 16.c5 axb4
17.cxd6 bxa3 18.dxe7 Qxe7 19.Rc1 Nc5 20.Bxc5 bxc5 21.Nd3 Rf6 22.Qb3 Rb6 23.d6+ Qf7
24.Qxf7+ Kxf7 25.dxc7 Rc6 26.Rxc5 Rxc5 27.Nxc5 Ra7 28.Na6 Bxa6 29.Bxa6 Rxc7
30.Rb1 Bf8  1/2-1/2

[Event "XXI Carlos Torre"]
[Site "Merida MEX"]
[Date "2008.12.14"]
[Round "3"]
[White "Hernandez Carmenates,Hold"]
[Black "De la Paz Perdomo,F"]
[Result "1-0"]
[WhiteElo "2580"]
[BlackElo "2491"]

1.d4 Nf6 2.c4 g6 3.Nc3 Bg7 4.e4 d6 5.Nf3 O-O 6.Be2 e5 7.O-O Nc6 8.d5 Ne7
9.b4 Nh5 10.g3 f5 11.Ng5 Nf6 12.Bf3 Kh8 13.b5 Ne8 14.Qb3 h6 15.Ne6 Bxe6 16.dxe6 Qc8
17.Ba3 Qxe6 18.exf5 Nxf5 19.Bxb7 Nd4 20.Qa4 Nf6 21.Bxa8 e4 22.f4 Rxa8 23.Kg2 Re8
24.Rae1 Nf3 25.Re2 Nd4 26.Re3 Nf5 27.Nd1 Ng4 28.Bc1 Bd4 29.Re2 Bc5 30.Qc2 Kh7
31.Rfe1 Nd4 32.Qc3 Nxe2 33.Rxe2 Nf6 34.Be3 Nd7 35.Bxc5 Nxc5 36.Ne3 Rf8 37.Qd4 Rf7
38.a4 Nd3 39.Nd5 Nc5 40.h3 g5 41.Rf2 gxf4 42.Rxf4 Rxf4 43.Nxf4 Qf5 44.a5 Ne6
45.Nxe6 Qxe6 46.g4 Kg6 47.Kg3 h5 48.Qd5 Qxd5 49.cxd5 e3 50.gxh5+  1-0

[Event "III Open"]
[Site "Palma de Mallorca ESP"]
[Date "2008.12.14"]
[Round "9"]
[White "Planas Gene,J"]
[Black "Aloma Vidal,R"]
[Result "0-1"]
[WhiteElo "2184"]
[BlackElo "2399"]

1.d4 Nf6 2.c4 g6 3.Nc3 Bg7 4.e4 d6 5.Nf3 O-O 6.Be2 e5 7.O-O Nc6 8.d5 Ne7
9.b4 Nh5 10.Re1 f5 11.Ng5 Nf6 12.Bd3 c6 13.Qb3 h6 14.Ne6 Bxe6 15.dxe6 fxe4
16.Nxe4 Nxe4 17.Bxe4 d5 18.cxd5 cxd5 19.Rd1 Qb6 20.Be3 d4 21.Bd2 Rf6 22.Rac1 Raf8
23.Rf1 Kh7 24.Rc5 Rxe6 25.h4 Kh8 26.a4 Qd6 27.Qc2 Nf5 28.h5 Ref6 29.Qd3 gxh5
30.f4 Ne3 31.Bxe3 dxe3 32.Qxd6 Rxd6 33.fxe5 e2 34.Rxf8+ Bxf8 35.Kf2 Rd4 36.Bxb7 Bxc5
37.bxc5 Rxa4 38.e6 Kg7 39.Bd5 Kf6 40.c6 Ra5  0-1

[Event "Masters"]
[Site "Berkeley USA"]
[Date "2008.12.19"]
[Round "6"]
[White "Kacheishvili,G"]
[Black "Sharavdorj,D"]
[Result "1-0"]
[WhiteElo "2572"]
[BlackElo "2441"]

1.d4 Nf6 2.Nf3 g6 3.c4 Bg7 4.Nc3 O-O 5.e4 d6 6.Be2 e5 7.O-O Nc6 8.d5 Ne7
9.Ne1 Nd7 10.Nd3 f5 11.Bd2 Nf6 12.f3 f4 13.c5 g5 14.cxd6 cxd6 15.Nf2 Ng6
16.Qc2 Rf7 17.Rfc1 h5 18.Nb5 Ne8 19.a4 Bd7 20.Qd1 Bf8 21.Rc3 a6 22.Na3 Nf6
23.h3 Nh4 24.Nc4 b6 25.Rb3 g4 26.fxg4 hxg4 27.hxg4 Rb8 28.Raa3 b5 29.axb5 Bxb5
30.Ba5 Qe7 31.Nd2 Rg7 32.Bxb5 axb5 33.Rh3 Nh7 34.Bb4 Qd8 35.Ra6 Ng6 36.Nf3 Ra8
37.Rxa8 Qxa8 38.g5 Ra7 39.Kh2 Ra1 40.Qe2 Qa7 41.Be1 Qe3 42.Qxb5 Nxg5 43.Qe8 Nxh3
44.Qxg6+ Kh8 45.Nxh3 Qa7 46.Bh4 Qh7 47.Qe8 Kg8 48.Nhg5 Qh6 49.Qf7+ Kh8 50.b4 Ra2
51.Ne6 Ra8 52.b5 Bg7 53.b6  1-0

[Event "1st Asian Clubs"]
[Site "Al Ain UAE"]
[Date "2008.12.25"]
[Round "1"]
[White "Ghane,S"]
[Black "Diu,V"]
[Result "1/2-1/2"]
[WhiteElo "2408"]
[BlackElo "2453"]

1.d4 Nf6 2.Nf3 g6 3.c4 Bg7 4.Nc3 O-O 5.e4 d6 6.Be2 e5 7.O-O Nc6 8.d5 Ne7
9.Ne1 Nd7 10.Be3 f5 11.f3 f4 12.Bf2 g5 13.a4 a5 14.Nd3 b6 15.b4 axb4 16.Nxb4 Nf6
17.a5 bxa5 18.Nc6 Nxc6 19.dxc6 Qe8 20.Qa4 g4 21.Rfb1 Qg6 22.Be1 gxf3 23.Bxf3 Bg4
24.Kh1 Kh8 25.Rb7 Rf7 26.Qd1 Bxf3 27.gxf3 Ra6 28.Qe2 Qh5 29.Rb8+ Bf8 30.Bd2 Rxc6
31.Rg1 Rb6 32.Ra8 Qh3 33.Be1 h6 34.Rg2 Kh7 35.Qf1 Qh5 36.Rxa5 Rg7 37.Ra7 Rc6
38.Ra8 Rxg2 39.Qxg2 Bg7 40.Ra4 Rb6 41.Ra7 Rc6 42.Qf1 Qf7 43.Nd5 Nxd5 44.exd5 Rb6
45.Ba5 Rb3 46.Qd1 Ra3 47.Rxc7 Qg6 48.Bb4 Rd3 49.Qg1 Rxf3 50.Bxd6 Qxg1+ 51.Kxg1 Kg6
52.Kg2 Rd3  1/2-1/2

[Event "17th Donau Open"]
[Site "Aschach AUT"]
[Date "2008.12.27"]
[Round "3"]
[White "Schnider,G"]
[Black "Merritt,M"]
[Result "1-0"]
[WhiteElo "2304"]
[BlackElo "2123"]

1.d4 Nf6 2.c4 g6 3.Nc3 Bg7 4.e4 d6 5.Nf3 O-O 6.Be2 e5 7.O-O Nc6 8.d5 Ne7
9.b4 Nh5 10.Re1 f5 11.Ng5 Nf6 12.f3 c6 13.Be3 h6 14.Ne6 Bxe6 15.dxe6 f4 16.Bf2 Qc7
17.b5 Rfd8 18.Rb1 Qc8 19.bxc6 bxc6 20.Qa4 Qxe6 21.Rb7 Bf8 22.Rxa7 Rxa7 23.Qxa7 Qc8
24.Rb1 Rd7 25.Qb8 Kf7 26.a4 Qxb8 27.Rxb8 c5 28.Rb6 Nc8 29.Rc6 Ne7 30.Ra6 Rb7
31.Rxd6 Nf5 32.Rxf6+ Kxf6 33.exf5 gxf5 34.Nb5 Ke6 35.a5 Bd6 36.Kf1 e4 37.fxe4 fxe4
38.Bg4+ Ke7 39.Bh4+  1-0

[Event "Open A"]
[Site "Groningen NED"]
[Date "2008.12.27"]
[Round "6"]
[White "Hopman,P"]
[Black "Haast,A"]
[Result "0-1"]
[WhiteElo "2319"]
[BlackElo "2054"]

1.d4 Nf6 2.c4 g6 3.Nc3 Bg7 4.e4 d6 5.Nf3 O-O 6.Be2 e5 7.O-O Nc6 8.d5 Ne7
9.Ne1 Nd7 10.f3 f5 11.g4 Kh8 12.h4 Ng8 13.Ng2 f4 14.Bd2 a6 15.Be1 Bf6 16.b4 h5
17.g5 Bxg5 18.hxg5 Qxg5 19.Kh2 Ndf6 20.Rh1 Qh6 21.Kg1 g5 22.c5 Rf7 23.cxd6 cxd6
24.Rc1 g4 25.Na4 gxf3 26.Bxf3 Bg4 27.Rc2 Rg7 28.Bxg4 Nxg4 29.Nb6 Rf8 30.Qf3 N8f6
31.Kf1 Nxe4 32.Rc8 Rxc8 33.Nxc8 Ngf6 34.Qh3 Rg4 35.Qf3 Ng3+ 36.Bxg3 Rxg3
37.Qd1 f3 38.Ne1 Ne4 39.Qc2 Qe3  0-1

[Event "5th Open"]
[Site "Vandoeuvre les Nancy FRA"]
[Date "2008.12.27"]
[Round "3"]
[White "Brunner,N"]
[Black "Evrard,A"]
[Result "1-0"]
[WhiteElo "2415"]
[BlackElo "2025"]

1.d4 Nf6 2.c4 g6 3.Nc3 Bg7 4.e4 d6 5.Nf3 O-O 6.Be2 e5 7.O-O Nc6 8.d5 Ne7
9.Ne1 Nd7 10.Be3 f5 11.f3 f4 12.Bf2 g5 13.a4 a5 14.Nd3 b6 15.Be1 Rf6 16.Nb5 Rh6
17.b4 axb4 18.Bxb4 Nf6 19.Nf2 Ng6 20.a5 bxa5 21.Rxa5 Rxa5 22.Bxa5 Ne8 23.c5 Bf8
24.cxd6 Bxd6 25.Qc2 Ba6 26.Ng4 Rh4 27.Qc6 Bxb5 28.Bxb5 Ng7 29.Rc1 Ne7 30.Qb7  1-0

[Event "17th Donau Open"]
[Site "Aschach AUT"]
[Date "2008.12.28"]
[Round "4"]
[White "Sakelsek,T"]
[Black "Punzenberger,F"]
[Result "1/2-1/2"]
[WhiteElo "2403"]
[BlackElo "2182"]

1.d4 Nf6 2.c4 g6 3.Nc3 Bg7 4.e4 d6 5.Be2 O-O 6.Nf3 e5 7.O-O Nc6 8.d5 Ne7
9.b4 Nh5 10.Re1 a5 11.Ba3 Nf4 12.Nd2 axb4 13.Bxb4 c5 14.dxc6 Nxc6 15.Rb1 Qg5
16.g3 Nxe2+ 17.Qxe2 Bh6 18.Nf3 Qh5 19.Nd5  1/2-1/2

[Event "1st Asian Clubs"]
[Site "Al Ain UAE"]
[Date "2008.12.29"]
[Round "5"]
[White "Zozek,S"]
[Black "Esenov,An"]
[Result "0-1"]
[WhiteElo "2222"]
[BlackElo "2319"]

1.d4 Nf6 2.c4 g6 3.Nc3 Bg7 4.e4 d6 5.Nf3 O-O 6.Be2 e5 7.O-O Nc6 8.d5 Ne7
9.b4 Nh5 10.Re1 Nf4 11.Bf1 f5 12.Bxf4 exf4 13.e5 a5 14.a3 axb4 15.axb4 Rxa1
16.Qxa1 g5 17.Qc1 g4 18.exd6 Ng6 19.Nd2 cxd6 20.Nb5 g3 21.hxg3 fxg3 22.fxg3 Be5
23.Qa3 Qg5 24.Nf3 Qxg3 25.Nxe5 Qxe1 26.Nxg6 hxg6 27.Nxd6 Qe5 28.Nxc8 Qd4+
29.Kh1 Kg7 30.g3 Rxc8 31.Qd3 Qf2 32.Qc3+ Kh7 33.Bh3 Re8 34.Bg2 Re1+ 35.Kh2 Re2  0-1

[Event "1st Asian Clubs"]
[Site "Al Ain UAE"]
[Date "2008.12.30"]
[Round "6"]
[White "Shayan,S"]
[Black "Ahmed,Abdu"]
[Result "1-0"]
[WhiteElo "2100"]
[BlackElo "2246"]

1.d4 Nf6 2.c4 g6 3.Nc3 Bg7 4.e4 d6 5.Nf3 O-O 6.Be2 e5 7.O-O Nc6 8.d5 Ne7
9.b4 a5 10.Ba3 Nd7 11.Nd2 f5 12.bxa5 Rxa5 13.Bb4 Ra8 14.a4 Kh8 15.a5 Ng8
16.Qc2 Ngf6 17.Nb3 Qe7 18.Ra3 Nc5 19.Bxc5 dxc5 20.Bf3 g5 21.exf5 g4 22.Bd1 e4
23.Re1 Bxf5 24.Qe2 Nh5 25.Nd2 Nf4 26.Qf1 Rxa5 27.Rb3 Bxc3 28.Rxc3 Qg7 29.Rce3 Nd3
30.R1e2 Ra2 31.Nxe4 Rxe2 32.Bxe2 Nb4 33.Nxc5 Nc2 34.Rg3 Nd4 35.Bd3 Ra8 36.Bxf5 Nxf5
37.Rd3 Nd4 38.Ne6 Ra1 39.Rd1 Rxd1 40.Qxd1 Nxe6 41.dxe6 Qf6 42.Qe1 Qe7 43.g3 Kg7
44.Qe5+ Kg6 45.h4 gxh3 46.f4 Kh6 47.g4 b6 48.Kh2 c6 49.Kxh3 b5 50.cxb5 cxb5
51.Qxb5 Kg6 52.Qg5+ Qxg5 53.fxg5 Kg7 54.Kg3 Kf8 55.Kf4  1-0

[Event "Masters"]
[Site "Hastings ENG"]
[Date "2008.12.30"]
[Round "3"]
[White "Lunn,M"]
[Black "Snape,I"]
[Result "1/2-1/2"]
[WhiteElo "1874"]
[BlackElo "2219"]

1.d4 Nf6 2.c4 g6 3.Nc3 Bg7 4.e4 d6 5.Nf3 O-O 6.Be2 e5 7.O-O Nc6 8.d5 Ne7
9.b4 Nh5 10.Re1 f5 11.Ng5 Nf6 12.Bf3 c6 13.Be3 h6 14.Ne6 Bxe6 15.dxe6 fxe4
16.Nxe4 Nxe4 17.Bxe4 d5 18.cxd5 cxd5 19.Bc2 b6 20.Qg4 e4 21.Rad1 Qc7 22.Bb3 Rf5
23.Rd2 Qc3 24.Red1 Qxb4 25.h4 Rd8 26.Bd4 Bxd4 27.Rxd4 Qc5 28.Qg3 Kg7 29.Rxe4 a5
30.Re2 a4 31.Bc2 Rf6 32.h5 Qc4 33.Bd3  1/2-1/2

[Event "Open A"]
[Site "Gjovik NOR"]
[Date "2008.12.31"]
[Round "3"]
[White "Demac,E"]
[Black "Isgandarova,K"]
[Result "1-0"]
[WhiteElo "1993"]
[BlackElo "2206"]

1.d4 Nf6 2.c4 g6 3.Nc3 Bg7 4.e4 d6 5.Be2 O-O 6.Nf3 e5 7.O-O Nc6 8.d5 Ne7
9.b4 Nh5 10.Re1 Nf4 11.Bxf4 exf4 12.Rc1 h6 13.h3 a5 14.b5 b6 15.Bd3 g5 16.e5 dxe5
17.Nxe5 Qd6 18.Qe2 Nf5 19.Nc6 Nh4 20.Ne4 Qd7 21.Nxg5 Qd6 22.Nh7 f3 23.Qe4 f5
24.Qxh4 Kxh7 25.Qe7 fxg2 26.Qxd6 cxd6 27.Re7 Kh8 28.Rce1 Bf6 29.Rc7 Bh4 30.Ne7  1-0

[Event "Masters"]
[Site "Hastings ENG"]
[Date "2009.01.02"]
[Round "6"]
[White "Foord,D"]
[Black "Salem,I"]
[Result "0-1"]
[WhiteElo "2043"]
[BlackElo "2171"]

1.d4 Nf6 2.c4 g6 3.Nc3 Bg7 4.e4 d6 5.Nf3 O-O 6.Be2 e5 7.O-O Nc6 8.d5 Ne7
9.b4 Ne8 10.c5 f5 11.Nd2 Nf6 12.Bf3 f4 13.Nc4 g5 14.g4 Ng6 15.Be2 Rf7 16.f3 Bf8
17.Ba3 Nh4 18.b5 h5 19.h3 Rh7 20.b6 axb6 21.cxb6 cxb6 22.Nb5 Ne8 23.Bb4 hxg4
24.fxg4 Ng6 25.Rf3 Nf6 26.Ncxd6 Ne8 27.Nxc8 Bxb4 28.Nca7 Bc5+ 29.Kh2 Nf6
30.Rc3 f3 31.Bxf3 Nf4 32.Bh1 Qd7  0-1

[Event "Australian Open"]
[Site "Manly Sydney AUS"]
[Date "2009.01.02"]
[Round "1"]
[White "Sales,J"]
[Black "Ruan,J"]
[Result "1-0"]
[WhiteElo "2340"]
[BlackElo "1908"]

1.Nf3 Nf6 2.c4 g6 3.Nc3 Bg7 4.e4 d6 5.d4 O-O 6.Be2 e5 7.O-O Nc6 8.d5 Ne7
9.b4 Nd7 10.Ne1 f5 11.Nd3 Nf6 12.f3 f4 13.Bd2 g5 14.Rc1 Ng6 15.c5 h5 16.h3 Nh4
17.Nf2 Kh8 18.cxd6 cxd6 19.Nb5 Rf7 20.Qc2 a6 21.Nc7 Rb8 22.a4 Ne8 23.Ne6 Bxe6
24.dxe6 Rc7 25.Qb3 Rbc8 26.Bc4 Qe7 27.b5 axb5 28.axb5 b6 29.Rc3 Ng6 30.Nd3 Nf6
31.Nf2 Bf8 32.Rfc1 Rc5 33.R3c2 R5c7 34.Bb4 Qd8 35.Be1 Be7 36.Bd5 Nf8 37.Rc6 Rxc6
38.bxc6 Qc7 39.Ra1 N8h7 40.Ra6 Rb8 41.Qa2 Ne8 42.Ra7 Qd8 43.Rd7  1-0

[Event "Australian Open"]
[Site "Manly Sydney AUS"]
[Date "2009.01.03"]
[Round "2"]
[White "Furst,A"]
[Black "Chapman,M AUS"]
[Result "0-1"]
[WhiteElo "2062"]
[BlackElo "2402"]

1.d4 Nf6 2.c4 g6 3.Nc3 Bg7 4.e4 d6 5.Be2 O-O 6.Nf3 e5 7.O-O Nc6 8.d5 Ne7
9.b4 a5 10.bxa5 Rxa5 11.Nd2 c5 12.Nb3 Ra6 13.Bd2 Nd7 14.Qc1 f5 15.exf5 gxf5
16.Bh6 Ng6 17.Bxg7 Kxg7 18.g3 f4 19.Bf3 Nf6 20.Nd2 Bf5 21.Nde4 Nxe4 22.Bxe4 Bh3
23.Re1 b6 24.Rb1 Ra7 25.Qb2 Raf7 26.f3 fxg3 27.hxg3 Bd7 28.Qd2 Ne7 29.Qg5+ Kh8
30.Kg2 Rg7 31.Qh6 Ng8 32.Qh2 Qg5 33.Rb2 Nf6 34.Rh1 Rfg8 35.Ne2 Nxe4 36.fxe4 Qe3
37.Qh4 Bg4 38.Qf6 Qxe4+ 39.Kf2  0-1

[Event "Australian Open"]
[Site "Manly Sydney AUS"]
[Date "2009.01.03"]
[Round "3"]
[White "Sales,J"]
[Black "Svendsen,Pet"]
[Result "1-0"]
[WhiteElo "2340"]
[BlackElo "2007"]

1.Nf3 Nf6 2.c4 g6 3.Nc3 Bg7 4.e4 d6 5.d4 O-O 6.Be2 e5 7.O-O Nc6 8.d5 Ne7
9.b4 Nh5 10.Re1 a5 11.bxa5 Rxa5 12.a4 Nf4 13.Bf1 f5 14.Bxf4 exf4 15.e5 dxe5
16.Nxe5 Qd6 17.Qe2 Nc6 18.Nxc6 bxc6 19.Rac1 Qb4 20.Qf3 Bxc3 21.Rxc3 Rc5 22.Rcc1 Qxa4
23.Qxf4 cxd5 24.Re7 Rf7 25.Rce1 Bb7 26.Re8+ Rf8 27.Rxf8+ Kxf8 28.Qh6+ Kg8
29.Re7  1-0

[Event "Christmas Rapid"]
[Site "Mukachevo UKR"]
[Date "2009.01.04"]
[Round "6"]
[White "Grinev,V"]
[Black "Bunda,V"]
[Result "1-0"]
[WhiteElo "2347"]
[BlackElo "2267"]

1.d4 Nf6 2.c4 g6 3.Nc3 Bg7 4.e4 d6 5.Nf3 O-O 6.Be2 e5 7.O-O Nc6 8.d5 Ne7
9.b4 Nh5 10.Re1 f5 11.Ng5 Nf6 12.Bf3 c6 13.b5 h6 14.Ne6 Bxe6 15.dxe6 fxe4
16.Nxe4 Nxe4 17.Bxe4 d5 18.cxd5 cxd5 19.Ba3 dxe4 20.Qxd8 Rfxd8 21.Bxe7 Re8
22.Bc5 b6 23.Be3 Rxe6 24.a4 Bf8 25.Rec1 Bb4 26.Bxh6 Rd8 27.Be3 Red6 28.h4 Bd2
29.Rc4 Bxe3 30.fxe3 Kf7 31.Rxe4 Ke6 32.Rc4 R8d7 33.Rf1 Kd5 34.Rfc1 Ke6 35.Rc6 Kf5
36.Kf2 Rd3 37.R1c4 Rd2+ 38.Kf3 R7d6 39.Rxd6 e4+ 40.Rxe4 Rxd6 41.g4+ Kf6 42.Rd4  1-0

[Event "38th Rilton Cup 2008-9"]
[Site "Stockholm SWE"]
[Date "2009.01.04"]
[Round "8"]
[White "Ulibin,M"]
[Black "Nithander,V"]
[Result "1/2-1/2"]
[WhiteElo "2521"]
[BlackElo "2365"]

1.d4 Nf6 2.c4 g6 3.Nc3 Bg7 4.e4 d6 5.Nf3 O-O 6.Be2 e5 7.O-O Nc6 8.d5 Ne7
9.Nd2 a5 10.a3 Bd7 11.Rb1 a4 12.b4 axb3 13.Nxb3 b6 14.Ra1 Ne8 15.a4 f5 16.a5 bxa5
17.Nxa5 Nf6 18.Bg5 fxe4 19.c5 Nf5 20.Nxe4 Qe8 21.Bxf6 Bxf6 22.c6 Bc8 23.Nb3 Rxa1
24.Qxa1 Bg7 25.Qa7 Qf7 26.Bc4 h6 27.Nbd2 Nd4 28.Rb1 Bf5 29.Re1 h5 30.Ng5 Qf6
31.Nde4 Bxe4 32.Nxe4 Qf7 33.Qb7 Bh6 34.Qb2 Nxc6 35.Qa2 Nd4 36.Nc5 Qe7 37.Ne6 Nxe6
38.dxe6 c6 39.Bb3 Bg7 40.Qc2 Rb8 41.Rb1 Qe8 42.e7+ Kh7 43.Ba4 Rxb1+ 44.Qxb1 Qxe7  1/2-1/2